| 000 | 01255cam a22003377a 4500 | ||
|---|---|---|---|
| 003 | CHAP | ||
| 005 | 20220329140038.0 | ||
| 008 | 971013s r 00010 d | ||
| 010 | _a46135 | ||
| 011 | _a47107 | ||
| 035 | _a51249 | ||
| 040 | _cCHAP | ||
| 090 | _aFolleto 2978 | ||
| 110 | 0 | 0 |
_aUnión de Productores de Algodón de la República Mexicana, A.C. _9116215 |
| 245 | 1 | 3 | _aEl uso de variedades resistentes, la manera ideal para controlar insectos |
| 260 |
_aMéxico, D.F. : _bLa Unión, _c(s.a.) |
||
| 300 |
_a8 p. _b: ilus. |
||
| 500 | _aTrad. de Biological control of plant pests, by the Brooklyn Botanic Garden | ||
| 590 |
_aBATCH-UPD _b10 _c20130110 _lUCH01 _h0241 |
||
| 590 |
_aBATCH-UPD _b10 _c20130110 _lUCH01 _h1812 |
||
| 590 |
_aBATCH-UPD _b10 _c20130409 _lUCH01 _h2308 |
||
| 590 |
_aBATCH-UPD _b10 _c20130914 _lUCH01 _h1119 |
||
| 590 |
_aCONVERSION _b10 _c20130109 _lUCH01 _h1325 |
||
| 650 | 1 | 4 |
_aCultivos _xResistencia a plagas. _930322 |
| 650 | 1 | 4 |
_aMaíz _xVariedades resistentes a plagas. _971083 |
| 901 | _aBK | ||
| 942 | _cFOLL | ||
| 949 |
_aFolleto 2978 _bBC _cFOLL _d-114752 _eTS1 _i51249 _mD _si |
||
| 949 |
_aFolleto 2978 _bBC _cFOLL _d-114753 _eTS2 _fc.2 _i51249 _mD _si |
||
| 949 |
_aFolleto 2978 _bBC _cFOLL _d-114754 _eTS2 _fc.3 _i51249 _mD _si |
||
| 999 |
_c46135 _d46135 |
||